Geography Quiz

Random Geography or Blitz Quiz

Blitz: Name a Country Quiz Stats

 Plays Quiz Updated Apr 25, 2018

Also try: Blitz: Name A...
Challenge
Share
Tweet
Embed
Score 0/30 Timer 03:00
46 Plays Today
Name a country that ... Example Country % Correct
Has won the FIFA World CupBrazil, ...
82.1%
Is in the top 10 for both population and areaUnited States, ...
82%
Is a Nordic countryNorway, ...
81.8%
Is a Communist countryNorth Korea, ...
81.4%
Begins with the letter 'R'Russia, ...
81.2%
Is an Asian country with no bordering countriesJapan, ...
78.1%
Has hosted both the summer & winter OlympicsFrance, ...
77.7%
Is a country of Africa with 4 lettersChad, ...
75.3%
Uses any form of the rupee currencyIndia, ...
74.5%
Has exactly one land borderCanada, ...
73.8%
Lies on the equatorColombia, ...
73%
Was a member of the former YugoslaviaCroatia, ...
70.9%
Has territorial claims in AntarcticaAustralia, ...
70.6%
Has a capital south of the Tropic of CapricornNew Zealand, ...
70%
Has a crescent moon on its flagTurkey, ...
67%
Name a country that ... Example Country % Correct
Has between 100 million & 200 million peoplePakistan, ...
65.8%
Contains part of the Danube riverRomania, ...
65%
Is a member of OPECSaudi Arabia, ...
64%
Has territorial claims in KashmirIndia, ...
62.1%
Lies on the Prime MeridianUnited Kingdom, ...
61.1%
Has the same name as its capitalDjibouti, ...
60.1%
Has a capital beginning with 'C'Egypt, ...
58.1%
Ends with '-na'China, ...
57.8%
Borders the Caspian SeaIran, ...
54.5%
Contains the letter 'X'Mexico, ...
51.8%
Has a capital higher than 2,000 metersEcuador, ...
46.4%
Has either a square or more than 4-sided flagNepal, ...
45.8%
Contains a hyphen in its nameGuinea-Bissau, ...
40%
Is a Lesser Antilles island nationBarbados, ...
35.7%
Is not a member of the UNKosovo, ...
35.3%

You're not logged in!

Compare scores with friends on all Sporcle quizzes.
Join for Free
OR
Log In

You Might Also Like...

Show Comments

Extras

Top Quizzes Today


Score Distribution

Your Account Isn't Verified!

In order to create a playlist on Sporcle, you need to verify the email address you used during registration. Go to your Sporcle Settings to finish the process.

Report this User

Report this user for behavior that violates our Community Guidelines.

Details: